00959 2200313 4500001002100000005001500021035002000036007000300056008004100059020002200100082001400122084001600136100002400152245009800176300005600274650001500330700003200345700003100377504003300408264003000441336002100471337003000492338002300522040002200545090002200567850001200589999002200601990002200623INLIS00000000088602720240425115050 a0010-0424000654ta240425s2024 yoia g 000 | ind d a978-623-01-3918-504223a519.5 a519.5 SUG s0 aSugiartoePengarang10aStatistika terapan untuk pariwisata /cSugiarto, Amiluhur Soeroso; penyunting, Radhitya Indra aviii, 276 halaman :btabel, gambar, grafik ;c23 cm 4aStatistika0 aAmiluhur SoerosoePengarang0 aRadhitya IndraePenyunting aBibliografi: halaman 269-27331aYogyakarta :bAndi,c2024 2rdacontentateks 2rdamediaatanpa perantara 2rdacarrieravolume aYOPDYOGbinderda aCB-D.11 2024-0423 aYOPDYOG aCB-D.11/2024-0423 aCB-D.11/2024-0423